000 00808cam a2200265 a 4500
001 4328223
005 20231127232654.0
008 880323s1988 ii b 001 0 eng
020 _a0803995644
020 _a0803995652 (pbk.)
040 _aDLC
_cDLC
_dDLC
082 0 0 _a305.4/2/0954
_219
245 0 0 _aWomen in Indian society :
_ba reader /
_cedited by Rehana Ghadially.
260 _aNew Delhi ;
_aNewbury Park, Calif. :
_bSage Publications,
_c1988.
300 _a310 p. ;
500 _aIncludes index.
650 0 _aWomen
650 0 _aSex role
650 0 _aFemininity.
650 0 _aFeminism
700 1 _aGhadially, Rehana,
_eedt
856 4 2 _uhttp://www.loc.gov/catdir/enhancements/fy0657/88011683-d.html
856 4 1 _uhttp://www.loc.gov/catdir/enhancements/fy0657/88011683-t.html
942 _cL
999 _c89
_d89